|
|
|
|
| LEADER |
00000nab a2200000 a 4500 |
| 001 |
vtls000389354 |
| 003 |
SK-MaSNL |
| 005 |
20260304210848.0 |
| 008 |
111202c1989 xo 0 cze |
| 015 |
|
|
|a SNBRA19rr/mm-uuuuu
|
| 035 |
|
|
|a CL0389478
|
| 040 |
|
|
|a SNKBUCL
|b slo
|c SNKBUCL
|e AACR2
|
| 041 |
0 |
|
|a cze
|
| 044 |
|
|
|a xo
|c SK
|
| 080 |
|
|
|a 519.876.5:519.682:519.854
|2 1981
|
| 080 |
|
|
|a 519.682
|2 1981
|
| 080 |
|
|
|a 519.854
|2 1981
|
| 100 |
1 |
|
|a Kindler, E.
|4 aut
|9 1542564
|
| 245 |
1 |
0 |
|a Nové poznatky v znalostním přístupu k diskrétní simulaci
|c E. Kindler
|
| 300 |
|
|
|b Res. čes., lit. 2 zázn. v angl..
|
| 650 |
0 |
7 |
|a programovanie objektovo orientované
|2 snkbucl
|9 289061
|
| 650 |
0 |
7 |
|a Simula
|2 snkbucl
|9 80361
|
| 650 |
0 |
7 |
|a procesy diskrétne
|2 snkbucl
|9 1542565
|
| 650 |
0 |
7 |
|a diskrétna simulácia
|2 snkbucl
|9 259595
|
| 655 |
|
7 |
|a články zo zborníkov
|2 snkbucl
|9 166140
|
| 773 |
0 |
|
|t Počítačové riadenie diskrétnych procesov
|d Bratislava : Dom techniky ČSVTS, 1989
|g S. 55-56
|
| 850 |
|
|
|a Slovenská národná knižnica v Martine
|a MTA001
|
| 852 |
|
|
|a SNK
|b KIS3GCP
|
| 958 |
|
|
|a RK
|
| 992 |
|
|
|a RZB
|
| 999 |
|
|
|c 3127713
|d 3129643
|